00913nam a22002655i 450000100060000000300090000600500170001500700030003200800410003502000180007604000220009408000190011610000240013524500630015926000500022230000210027249000320029350000210032550000510034670000380039783000400043585200330047599900170050895201220052510626ES-MaACL20260214131606.0t|941004s1994 sp ||||0| spa j a84-87101-93-3 aM-BN bspa cM-BN a820(73)-14"19"1 aAuden, W. H.92384310aOtro tiempo / cW.H. Auden ; versión de Alvaro García. aValencia : bPre-Textos, c1993 [ i.e. 1994 ] a229 p ; c22 cm.1 aColección La cruz del sur aEn el lomo: 181. aTexto en inglés y traducción en español.0 aGarcía López, Álvaro9539960 aColección La cruz del sur9178835 aES-MaACLjL-18029 bR.123486 c10626d10626 00104070aATENEOMbATENEOMcDEPO2d2008-01-17eSCl0oL-18029p1010838r2023-02-23 00:00:00w2023-02-23yMONOGRAFIA